000 00496nam a2200205Ia 4500
003 0100
008 130303s9999 xx 000 0 und d
040 _cARRUPELIB
050 _aDT31.S525 1992
100 _aShiroya, O.J.E.
245 _aDimensions of nationalism
245 _bthe African context
260 _aNairobi
260 _bJomo Kenyatta Foundation
260 _C1992
300 _a114p.
300 _b 23 cm
650 _bKutama-Mission-Pictorial works
942 _2lcc
_01
999 _c61331
_d61331